000 00412nam a2200169Ia 4500
005 20240823011942.0
008 240823s9999||||xx |||||||||||||| ||und||
082 _A331.2164 P2
100 _aSandeep Sareen
245 0 _aCompensation and Incentive Plan
250 _a1st
260 _b"Sarup,New "
_aNew Delhi
500 _aYES
650 _aManagement
_bManagement Studies
942 _cBK
999 _c163000
_d163000